000 00584cam a22002053a 4500
001 42012
003 PGUSA
005 20140828083941.0
008 130204s2013||||xxu|||||s|||||000 | eng d
040 _aPGUSA
_beng
042 _adc
100 1 _aSedgwick, Anne Douglas,
_d1873-1935
245 1 0 _aPaths of Judgement
_h[electronic resource] /
_cAnne Douglas Sedgwick
260 _bProject Gutenberg,
_c2013
506 _aPublic domain in the USA.
516 _aElectronic text
830 0 _aProject Gutenberg
_v42012
856 4 0 _uhttp://www.gutenberg.org/ebooks/42012
942 _cEB
999 _c271264
_d271264